Perfil de interés Proyecto de Investigación. El proyecto de riego Arenal-Tempisque y su impacto socioeconómico en la provincia de Guanacaste/
Sparad:
| Institutionell upphovsman: | |
|---|---|
| Materialtyp: | Bok |
| Språk: | Spanish |
| Ämnen: | |
| Taggar: |
Lägg till en tagg
Inga taggar, Lägg till första taggen!
|
MARC
| LEADER | 00000nam a2200000 4500 | ||
|---|---|---|---|
| 003 | cru CIDCACS/IIS | ||
| 005 | 20230206152907.0 | ||
| 008 | 230206bs.f. cr ||||| |||| 00| 0 spa d | ||
| 040 | |c cru CIDCACS/IIS | ||
| 090 | |b 12.07.01 P438p | ||
| 110 | |9 8481 |a Instituto de Investigaciones Sociales (UCR) | ||
| 245 | |a Perfil de interés Proyecto de Investigación. |b El proyecto de riego Arenal-Tempisque y su impacto socioeconómico en la provincia de Guanacaste/ |c Instituto de Investigaciones Sociales (UCR) | ||
| 300 | |a 3 páginas | ||
| 650 | 0 | |9 7714 |a IMPACTO | |
| 650 | 0 | |9 8008 |a ANALISIS DEL EMPLEO | |
| 650 | 0 | |9 3483 |a PLANIFICACION DE LA PRODUCCION | |
| 942 | |2 z |c LITG | ||
| 999 | |c 44709 |d 44709 | ||
